[Event "NOR-chT Eliteserien 2018-19"]
[Site "Norway"]
[Date "2019.03.09"]
[Round "8.29"]
[White "Royset, Jon Kr."]
[Black "Diesen, Bruce"]
[Result "0-1"]
[WhiteElo "2190"]
[BlackElo "2144"]
[Annotator "NA"]
[PlyCount "128"]
[EventDate "2018.11.02"]
[EventType "team-tourn"]
[EventCountry "NOR"]
[SourceTitle "playchess.com"]
[Source "ChessBase"]
[SourceQuality "1"]
[TimeControl "40/5400+30:1800+30"]

1. d4 {[%emt 0:00:00]} Nf6 {[%emt 0:00:00]} 2. c4 {[%emt 0:00:05]} e6 {[%emt 0:00:00]} 3. Nf3 {[%emt 0:01:20]} d5 {[%emt 0:00:01]} 4. Nc3 {[%emt 0:00:30]} Be7 {[%emt 0:00:09]} 5. Bg5 {[%emt 0:01:56]} O-O {[%emt 0:00:06]} 6. e3 {[%emt 0:00:06]} b6 {[%emt 0:00:31]} 7. cxd5 {[%emt 0:11:47]} Nxd5 {[%emt 0:01:18]} 8. Bxe7 {[%emt 0:02:45]} Qxe7 {[%emt 0:00:11]} 9. Nxd5 {[%emt 0:00:08]} exd5 {[%emt 0:00:04]} 10. Qa4 {[%emt 0:01:15]} Bf5 {[%emt 0:08:27]} 11. Rc1 {[%emt 0:03:35]} Rc8 {[%emt 0:06:37]} 12. Be2 {[%emt 0:14:31]} c5 {[%emt 0:01:15]} 13. Qa3 {[%emt 0:03:37]} Nd7 {[%emt 0:03:30]} 14. O-O {[%emt 0:05:58]} Qf6 {[%emt 0:17:38]} 15. dxc5 {[%emt 0:08:54]} Nxc5 {[%emt 0:04:13]} 16. Nd4 {[%emt 0:09:32]} a5 {[%emt 0:06:05]} 17. Nxf5 {[%emt 0:04:14]} Qxf5 {[%emt 0:00:22]} 18. Qc3 {[%emt 0:03:03]} Ne4 {[%emt 0:04:25]} 19. Qe1 {[%emt 0:01:53]} Qe5 {[%emt 0:00:51]} 20. Ba6 {[%emt 0:04:28]} Rd8 {[%emt 0:07:33]} 21. Qe2 {[%emt 0:00:10]} Nc5 {[%emt 0:00:22]} 22. Bb5 {[%emt 0:02:02]} Rd6 {[%emt 0:01:52]} 23. Rfd1 {[%emt 0:02:01]} Rad8 {[%emt 0:01:58]} 24. g3 {[%emt 0:01:07]} Rf6 {[%emt 0:02:48]} 25. Rc2 {[%emt 0:02:23]} h5 {[%emt 0:01:10]} 26. Rd4 {[%emt 0:04:04]} g6 {[%emt 0:01:19]} 27. Bd3 {[%emt 0:06:26]} Ne6 {[%emt 0:03:30]} 28. Rh4 {[%emt 0:00:34]} Qd6 {[%emt 0:01:08]} 29. Qd1 {[%emt 0:02:35]} Qe7 {[%emt 0:04:59]} 30. Bf1 {[%emt 0:01:13]} Ng5 {[%emt 0:03:04]} 31. Bg2 {[%emt 0:00:19]} Ne4 {[%emt 0:00:42]} 32. Qd4 {[%emt 0:00:36]} Re6 {[%emt 0:01:00]} 33. a3 {[%emt 0:00:32]} f5 {[%emt 0:00:36]} 34. b4 {[%emt 0:01:11]} axb4 {[%emt 0:05:11]} 35. axb4 {[%emt 0:00:04]} Red6 {[%emt 0:02:47]} 36. h3 {[%emt 0:00:49]} Re8 {[%emt 0:03:13]} 37. Rf4 {[%emt 0:00:23]} Nf6 {[%emt 0:02:19]} 38. Qc3 {[%emt 0:00:37]} Qe6 {[%emt 0:01:30]} 39. Rd4 {[%emt 0:00:28]} Ne4 {[%emt 0:00:43]} 40. Qd3 {[%emt 0:01:10]} Ra8 {[%emt 0:01:06]} 41. Qd1 {[%emt 0:31:20]} Rad8 {[%emt 0:33:45]} 42. Qa1 {[%emt 0:00:00]} Rc6 {[%emt 0:00:00]} 43. Rxc6 {[%emt 0:00:00]} Qxc6 {[%emt 0:00:00]} 44. Qd1 {[%emt 0:00:00]} Qe6 {[%emt 0:00:00]} 45. g4 {[%emt 0:00:00]} hxg4 {[%emt 0:00:00]} 46. hxg4 {[%emt 0:00:00]} Rd7 {[%emt 0:00:00]} 47. b5 {[%emt 0:00:00]} Qe5 {[%emt 0:00:00]} 48. f4 {[%emt 0:00:00]} Qe6 {[%emt 0:00:00]} 49. Qb3 {[%emt 0:01:12]} Nf6 {[%emt 0:00:00]} 50. g5 {[%emt 0:00:20]} Ne4 {[%emt 0:00:00]} 51. Bf3 {[%emt 0:01:15]} Kf8 {[%emt 0:00:00]} 52. Kg2 {[%emt 0:00:42]} Qd6 {[%emt 0:00:00]} 53. Rd1 {[%emt 0:02:01]} Qc5 {[%emt 0:00:00]} 54. Rh1 {[%emt 0:01:13]} Nc3 {[%emt 0:01:49]} 55. Rc1 {[%emt 0:00:32]} Rc7 {[%emt 0:00:02]} 56. Re1 {[%emt 0:00:31]} Re7 {[%emt 0:00:22]} 57. Kf2 {[%emt 0:00:18]} d4 {[%emt 0:00:38]} 58. Kg3 {[%emt 0:00:19]} d3 {[%emt 0:01:32]} 59. Rh1 {[%emt 0:00:12]} Kg7 {[%emt 0:00:58]} 60. Qb2 {[%emt 0:00:31]} Rxe3 {[%emt 0:00:45]} 61. Rc1 {[%emt 0:01:04]} d2 {[%emt 0:00:17]} 62. Rd1 {[%emt 0:00:17]} Qd4 {[%emt 0:01:51]} 63. Rxd2 {[%emt 0:00:48]} Qxd2 {[%emt 0:00:20]} 64. Qxd2 {[%emt 0:00:09]} Ne4+ {[%emt 0:00:02]} 0-1

[Event "NOR-chT Eliteserien 2018-19"]
[Site "Norway"]
[Date "2019.03.09"]
[Round "8.30"]
[White "Gunnesdal, Lars"]
[Black "Machlik, Endre"]
[Result "1-0"]
[WhiteElo "2078"]
[BlackElo "2186"]
[Annotator "NA"]
[PlyCount "63"]
[EventDate "2018.11.02"]
[EventType "team-tourn"]
[EventCountry "NOR"]
[SourceTitle "playchess.com"]
[Source "ChessBase"]
[SourceQuality "1"]
[TimeControl "40/5400+30:1800+30"]

1. c4 {[%emt 0:00:00]} e5 {[%emt 0:00:10]} 2. Nc3 {[%emt 0:00:07]} Nf6 {[%emt 0:00:06]} 3. g3 {[%emt 0:00:29]} Bc5 {[%emt 0:00:42]} 4. Bg2 {[%emt 0:01:36]} O-O {[%emt 0:00:55]} 5. d3 {[%emt 0:09:20]} c6 {[%emt 0:04:00]} 6. Nf3 {[%emt 0:01:04]} Re8 {[%emt 0:00:58]} 7. O-O {[%emt 0:03:07]} h6 {[%emt 0:04:13]} 8. Nxe5 {[%emt 0:10:24]} Rxe5 {[%emt 0:09:45]} 9. d4 {[%emt 0:00:17]} Bxd4 {[%emt 0:00:17]} 10. Qxd4 {[%emt 0:00:02]} Re8 {[%emt 0:03:04]} 11. b3 {[%emt 0:14:41]} Qe7 {[%emt 0:08:31]} 12. Bb2 {[%emt 0:09:55]} c5 {[%emt 0:11:15]} 13. Qf4 {[%emt 0:03:52]} Nc6 {[%emt 0:13:20]} 14. Nb5 {[%emt 0:04:58]} d6 {[%emt 0:09:05]} 15. Bxf6 {[%emt 0:04:49]} Qxf6 {[%emt 0:00:05]} 16. Qxf6 {[%emt 0:00:47]} gxf6 {[%emt 0:00:05]} 17. Bxc6 {[%emt 0:03:58]} bxc6 {[%emt 0:00:16]} 18. Nc7 {[%emt 0:00:10]} Bh3 {[%emt 0:00:33]} 19. Nxe8 {[%emt 0:00:20]} Rxe8 {[%emt 0:01:18]} 20. Rfd1 {[%emt 0:02:05]} Rd8 {[%emt 0:00:47]} 21. f3 {[%emt 0:03:14]} h5 {[%emt 0:00:41]} 22. Kf2 {[%emt 0:01:14]} Kf8 {[%emt 0:01:12]} 23. e4 {[%emt 0:06:50]} Be6 {[%emt 0:00:33]} 24. h4 {[%emt 0:02:04]} Ke7 {[%emt 0:00:27]} 25. Rd2 {[%emt 0:03:12]} a5 {[%emt 0:02:43]} 26. Ke3 {[%emt 0:01:46]} Ra8 {[%emt 0:01:37]} 27. Rad1 {[%emt 0:00:44]} Rd8 {[%emt 0:00:05]} 28. Kf4 {[%emt 0:00:29]} Rd7 {[%emt 0:07:48]} 29. g4 {[%emt 0:03:32]} Rd8 {[%emt 0:00:45]} 30. gxh5 {[%emt 0:00:28]} Rh8 {[%emt 0:00:23]} 31. Rxd6 {[%emt 0:00:16]} Rxh5 {[%emt 0:00:11]} 32. Rxc6 {[%emt 0:00:20]} 1-0

[Event "NOR-chT Eliteserien 2018-19"]
[Site "Norway"]
[Date "2019.03.10"]
[Round "9.1"]
[White "Haldorsen, Benjamin"]
[Black "Notkevich, Benjamin Arvola"]
[Result "1-0"]
[WhiteElo "2454"]
[BlackElo "2495"]
[Annotator "TA"]
[PlyCount "81"]
[EventDate "2018.11.02"]
[EventType "team-tourn"]
[EventCountry "NOR"]
[SourceTitle "playchess.com"]
[Source "ChessBase"]
[SourceQuality "1"]

{[%evp 25,81,0,15,26,29,37,34,27,52,59,54,54,51,34,115,107,368,318,305,158,155,160,160,169,176,174,196,167,201,184,212,198,214,201,234,231,234,232,440,424,414,410,457,454,691,685,673,674,612,631,855,456,733,716,683,677,558,425]} 1. c4 e5 2. g3 Nf6 3. Bg2 d5 4. cxd5 Nxd5 5. Nc3 Nb6 6. Nf3 Nc6 7. O-O Be7 8. Rb1 a5 9. d3 O-O {A29: English Opening: Four Knights Variation with 4 g3} 10. Be3 Be6 11. Rc1 {[%cal Bb1c1,Bc1c3,Bc3b3,Bb3b5][%mdl 32]} (11. d4) 11... Nd5 12. Nxd5 Bxd5 13. Qa4 f6 {LiveBook: 4 Games} 14. a3 Qd7 15. Rc3 Rfd8 16. Rfc1 Rac8 $146 ({Predecessor:} 16... f5 17. Bc5 {1-0 (57) Koustav,C (2325)-Samant,A (2217) Abu Dhabi 2018}) 17. Nd2 Bxg2 18. Kxg2 Qd5+ 19. f3 Rd7 (19... Rb8 $14) 20. Rb3 $16 Rcd8 $2 {[%mdl 8192] [#]} (20... Nd8 $16) 21. Rb5 Qe6 22. Qc4 (22. Rxb7 $18 Nd4 23. Rcxc7 Rxc7 24. Rxc7) 22... Qxc4 23. Rxc4 Nd4 24. Bxd4 {[#] Strongly threatening Be3.} c6 25. Rxa5 exd4 26. f4 Re8 {And now ...Bd8 would win.} 27. Kf1 Kf7 28. Nf3 Red8 29. b4 g6 30. Ra7 Ke6 31. a4 {[%cal Ba3a4,Ba4a5,Ba5a6][%mdl 32]} Kd6 $2 (31... Kf7 32. a5 h6) 32. Nxd4 $18 f5 33. a5 Bf6 34. Nb3 {White is clearly winning.} Kc7 (34... Bg7 $142 35. Kf2 Kc7) 35. a6 ({And not} 35. Nc5 Kb8 $11) 35... Kb6 36. Rxb7+ Rxb7 37. axb7 Be7 38. Nd4 Kxb7 (38... Rb8 $142 39. Rxc6+ Kxb7) 39. Nxc6 Re8 40. Nxe7 Rxe7 41. Kf2 {Precision: White = 79%, Black = 19%.} 1-0

[Event "NOR-chT Eliteserien 2018-19"]
[Site "Norway"]
[Date "2019.03.10"]
[Round "9.2"]
[White "Vestby-Ellingsen, Mads"]
[Black "Bern, Ivar"]
[Result "1/2-1/2"]
[WhiteElo "2358"]
[BlackElo "2302"]
[Annotator "TA"]
[PlyCount "119"]
[EventDate "2018.11.02"]
[EventType "team-tourn"]
[EventCountry "NOR"]
[SourceTitle "playchess.com"]
[Source "ChessBase"]
[SourceQuality "1"]

{[%evp 18,119,49,31,37,27,30,25,29,20,62,-35,-34,-36,-11,-38,-14,-14,-15,-12,9,0,0,0,26,6,83,0,0,0,0,-69,-65,-69,-62,-71,-64,-70,-70,-91,0,-75,10,-23,-6,-7,0,-52,2,2,0,0,0,0,7,0,0,0,0,0,2,0,0,0,0,0,0,0,0,0,0,0,0,0,0,0,0,0,0,0,0,0,0,0,0,0,0,0,0,0,0,0,0,0,0,0,0,0,0,0,0,0,0,0]} 1. d4 f5 2. Nf3 Nf6 3. g3 e6 4. Bg2 d5 5. O-O Bd6 6. c4 c6 7. b3 Qe7 8. Ne5 O-O 9. Bb2 Nbd7 10. Nd2 a5 {A90: Dutch Defence: Miscellaneous and Modern Stonewall (with ...Bd6)} 11. Qc2 Ne4 12. Ndf3 a4 {White has an edge.} 13. bxa4 (13. e3 a3 14. Bc3 Nxe5 15. Nxe5 Bd7 16. Nxd7 Qxd7 {0-1 (36) Anand,V (2797)-Carlsen,M (2865) Baden-Baden 2015}) 13... Qd8 {[#]} 14. Bc3 $146 ({Better is} 14. Nxd7 $14 Bxd7 15. c5) ({Predecessor:} 14. Nd3 Qa5 15. Nf4 Bxf4 16. gxf4 Qxa4 17. Qxa4 Rxa4 18. cxd5 exd5 {½-½ (49) Kiriakov,P (2555)-Moskalenko,V (2540) playchess.com INT 2006}) 14... Nxc3 15. Qxc3 Rxa4 16. cxd5 cxd5 17. Nd3 Ra3 18. Qc2 Qa5 19. Rfc1 Nb6 20. Nfe5 Qa4 21. Qb2 Nd7 (21... Qa5 $11) 22. Nxd7 (22. Rc2 $16) 22... Bxd7 $11 23. Nc5 Bxc5 $1 24. dxc5 (24. Rxc5 $11 Bc6 25. Qd2) 24... Bc6 $15 25. e3 Ra8 {[%cal Ra3a2]} 26. Rc2 Kf7 27. h4 Rb3 28. Qc1 Bb5 (28... Qa3 $17 29. Qd2 Rd3) 29. Rd2 (29. Bf1 $11 {remains equal.} Bxf1 30. Qxf1) 29... Bc4 (29... Rb4 $17) 30. Rb2 Rxb2 31. Qxb2 Qc6 (31... Qb5 {looks sharper.} 32. Rb1 Ra5 33. Qa1 Qd7 34. Qd4 Qc7) 32. Bf1 ({White should play} 32. Rb1 $11) 32... Bxf1 (32... Ra5 $1 $15) 33. Rxf1 {[%mdl 4096] Endgame KQR-KQR. The position is equal.} Ra5 34. Rc1 Rb5 35. Qa3 Qc7 36. h5 Qa5 37. Qxa5 Rxa5 $11 {KR-KR} 38. Rb1 Ra7 39. Kg2 Kf6 40. Rb6 Rxa2 41. Rxb7 Rc2 42. Rc7 e5 43. c6 d4 44. exd4 exd4 45. h6 gxh6 46. Rxh7 Ke5 47. c7 Ke4 48. Rd7 Rc5 49. Rf7 Kd3 {[#] aiming for ...Kc2.} 50. Rd7 Ke4 51. Re7+ Kd3 {Hoping for ...Kc2.} 52. Rd7 Kc3 53. Kf3 d3 {[#] Threatens to win with ...Kd2.} 54. Ke3 Re5+ $1 55. Kf4 Rc5 56. Ke3 Re5+ $1 57. Kf4 Rc5 58. Ke3 Re5+ $1 59. Kf3 Rc5 {...Kd2 is the strong threat.} 60. Ke3 {Accuracy: White = 65%, Black = 66%.} 1/2-1/2

[Event "NOR-chT Eliteserien 2018-19"]
[Site "Norway"]
[Date "2019.03.10"]
[Round "9.3"]
[White "Stokke, Kjetil"]
[Black "Lund, Gunnar"]
[Result "0-1"]
[WhiteElo "2334"]
[BlackElo "2228"]
[Annotator "TA"]
[PlyCount "84"]
[EventDate "2018.11.02"]
[EventType "team-tourn"]
[EventCountry "NOR"]
[SourceTitle "playchess.com"]
[Source "ChessBase"]
[SourceQuality "1"]

{[%evp 14,83,42,24,53,43,42,41,33,30,55,45,40,9,13,17,14,9,16,-18,0,-5,-9,-76,-73,-81,0,0,0,0,39,29,35,-17,38,39,31,-262,-225,-249,-258,-236,-203,-182,-216,-202,-132,-115,-169,-135,-75,-219,-192,-245,-251,-367,-359,-560,-560,-632,-639,-933,-914,-29987,-5941,-29991,-29988,-29993,-29994,-29995,-29996,-29999]} 1. c4 d6 2. g3 g6 3. Bg2 Bg7 4. Nc3 Nf6 5. e4 O-O 6. Nge2 e5 7. O-O c6 8. d3 Qc7 {A24: English Opening vs King's Indian: Lines without ...Nc6} (8... a6 9. b4 b5 10. a4 bxc4 11. dxc4 Be6 12. Qd3 Nbd7 13. Qxd6 Qb8 14. Rd1 Rc8 15. b5 axb5 16. cxb5 Qxd6 17. Rxd6 cxb5 18. Nxb5 {1-0 (105) Jones,G (2647)-Adhiban,B (2689) Atlantic City 2016}) 9. h3 a6 10. Be3 b5 {White is slightly better.} 11. a3 $146 ({Predecessor:} 11. Qd2 Nbd7 12. f4 exf4 13. gxf4 Rb8 14. f5 Ne5 15. c5 dxc5 16. Bxc5 Rd8 17. d4 {0-1 (51) Morris,J (881)-Illingworth,M (1495) Perth 2004}) 11... Be6 12. cxb5 axb5 13. d4 Qb7 14. d5 cxd5 15. exd5 Bd7 16. b4 Rc8 17. Qd2 Rc4 18. Nc1 (18. g4 $11) 18... Qc8 19. N1e2 Bxh3 (19... Na6 $17) 20. Nxb5 $11 Bxg2 21. Kxg2 Qa6 22. Nec3 $1 Nbd7 23. Rfc1 (23. Qe2 $14 Rac8 24. Na7) 23... h5 (23... Ng4 $11) 24. Qe2 $14 Rcc8 $1 25. Na7 $2 {[%mdl 8192]} (25. a4 $14 {stays ahead.}) 25... Rxa7 $19 26. Bxa7 Qxa7 27. Nb5 Qa8 28. Rxc8+ Qxc8 29. Nxd6 Qa8 $40 {[%mdl 128] White is in trouble.} 30. Qc4 {[#]} Bf8 $1 {[%cal Rf8d6]} ({But not} 30... Qxd5+ 31. Qxd5 Nxd5 32. Nc4 $11) ({Don't do} 30... Nxd5 31. Qc8+ Qxc8 32. Nxc8 $15) 31. Qc6 Qb8 ({Black should play} 31... Qa7 32. Nb5 Qb8) 32. Nc4 (32. Nc8 $17 {was forced.}) 32... e4 33. Rc1 {[#]} (33. b5 {is a better defense.}) 33... h4 $1 {[%mdl 512]} 34. Rc3 (34. b5 {was worth a try.}) (34. gxh4 Qf4) 34... hxg3 35. fxg3 (35. Rxg3 {only move.} Qf4 36. Ne3) 35... Qa7 36. Ne3 Qd4 37. Qc4 Qd2+ 38. Kh3 Ne5 (38... Nh7 $142 39. Ng2 Ng5+ 40. Kh2 Ne5 41. Qf1 Qxc3 42. Kh1 Qxg3 43. Qf4 Qh3+ 44. Qh2 Qc3 45. Qg1 Nef3 46. Qe3 Qh8+ 47. Nh4 Qxh4+ 48. Kg2 Qh2+ 49. Kf1 Qh1+ 50. Kf2 Qg1+ 51. Ke2 Qe1#) 39. Qb3 Nd3 {Black mates.} 40. Nf1 Qe2 41. Qb1 Nf2+ 42. Kh4 Qh5# {Accuracy: White = 32%, Black = 63%.} 0-1

[Event "NOR-chT Eliteserien 2018-19"]
[Site "Norway"]
[Date "2019.03.10"]
[Round "9.4"]
[White "Royset, Jon Kr."]
[Black "Gullaksen, Eirik"]
[Result "0-1"]
[WhiteElo "2190"]
[BlackElo "2341"]
[Annotator "TA"]
[PlyCount "98"]
[EventDate "2018.11.02"]
[EventType "team-tourn"]
[EventCountry "NOR"]
[SourceTitle "playchess.com"]
[Source "ChessBase"]
[SourceQuality "1"]

{[%evp 9,98,22,32,17,25,21,19,19,31,10,13,6,7,6,6,7,16,0,6,0,2,0,-3,-52,-17,-69,-69,-89,-70,-179,-186,-198,-204,-201,-205,-222,-191,-171,-176,-206,-206,-204,-186,-201,-166,-155,-161,-168,-159,-170,-119,-119,-119,-119,-125,-124,-119,-120,-119,-309,-309,-309,-309,-309,-309,-309,-226,-309,-250,-250,-243,-243,-243,-516,-478,-910,-878,-841,-791,-1639,-1705,-1551,-1343,-1141,-1125,-2128,-1995,-6095,-4060,-5639,-5531]} 1. e4 c5 2. Nf3 Nc6 3. Bb5 Nf6 4. Bxc6 dxc6 5. d3 Bg4 (5... Nd7 6. e5 Nb6 7. Nbd2 Bf5 8. Qe2 e6 9. h3 Be7 10. Ne4 h6 11. O-O a5 12. Be3 Nd7 {½-½ (29) Amin,B (2684)-Rapport,R (2719) Abu Dhabi 2018}) 6. Nbd2 {B30: Sicilian: 2...Nc6 3 Bb5, lines without ...g6} Nd7 7. h3 Bh5 8. a4 {The position is equal.} e5 $146 ({Predecessor:} 8... f6 9. O-O e5 10. Nc4 Qc7 11. a5 Be7 12. Be3 Nf8 {1-0 (54) Fierro Baquero,M (2372)-Alsina Leal,D (2546) La Massana 2010}) 9. g4 Bg6 10. Nc4 f6 11. h4 h5 12. g5 Qc7 13. Ne3 O-O-O 14. Qe2 Bd6 15. Rg1 Nf8 16. Nd2 Qf7 17. a5 (17. gxf6 $11 gxf6 18. Nec4) 17... Ne6 $15 18. a6 b6 19. Ndc4 (19. gxf6 $15 Nd4 20. Qf1) 19... Bc7 $19 20. Qf3 fxg5 21. Qxf7 Bxf7 22. hxg5 g6 23. Nd2 Nd4 24. Kd1 Rhf8 25. f3 Be6 26. Rf1 Bh3 27. Rh1 {[#]} Bd7 $1 28. Ng2 Nxf3 29. Nxf3 Bg4 (29... Rxf3 $19 30. Ke1 {[#]} c4 $1 {[%mdl 512]}) 30. Ngh4 $17 Bxf3+ 31. Nxf3 Rxf3 32. Ke2 Rdf8 {...Rf2+ is the strong threat.} 33. Be3 Bd6 34. Raf1 $2 (34. Rh2 $17) 34... Rxf1 $19 35. Rxf1 Rxf1 36. Kxf1 {[%mdl 4096] Endgame KB-KB} Kc7 37. Bd2 Be7 38. b3 b5 {[%cal Bb6b5,Bb5b4][%mdl 32]} 39. Ba5+ Kc8 40. Bd2 b4 41. Kg2 $2 (41. Be3) 41... Kc7 {Black is clearly winning.} 42. Kg3 (42. Kf1 $142 Kb6 43. Ke2) 42... Kb6 43. Bc1 Kxa6 44. Kh4 Kb5 45. Bb2 Bd6 46. Kg3 a5 47. Kh3 a4 48. bxa4+ Kxa4 49. Kg3 Kb5 {Accuracy: White = 35%, Black = 78%.} 0-1

[Event "NOR-chT Eliteserien 2018-19"]
[Site "Norway"]
[Date "2019.03.10"]
[Round "9.5"]
[White "Gabrielsen, Stig"]
[Black "Machlik, Endre"]
[Result "1-0"]
[WhiteElo "2278"]
[BlackElo "2186"]
[Annotator "NA RC"]
[PlyCount "71"]
[EventDate "2018.11.02"]
[EventType "team-tourn"]
[EventCountry "NOR"]
[SourceTitle "playchess.com"]
[Source "ChessBase"]
[SourceQuality "1"]
[TimeControl "40/5400+30:1800+30"]

1. e4 {[%emt 0:00:00]} c6 {[%emt 0:00:00]} 2. d4 {[%emt 0:00:00]} d5 {[%emt 0:00:00]} 3. Nc3 {[%emt 0:00:17]} dxe4 {[%emt 0:00:00]} 4. Nxe4 {[%emt 0:00:08]} Bf5 {[%emt 0:00:08]} 5. Ng3 {[%emt 0:00:11]} Bg6 {[%emt 0:00:06]} 6. h4 {[%emt 0:00:17]} h6 {[%emt 0:00:11]} 7. Nf3 {[%emt 0:00:11]} Nd7 {[%emt 0:00:25]} 8. h5 {[%emt 0:00:12]} Bh7 {[%emt 0:00:05]} 9. Bd3 {[%emt 0:00:07]} Bxd3 {[%emt 0:00:15]} 10. Qxd3 {[%emt 0:00:08]} e6 {[%emt 0:00:33]} 11. Bf4 {[%emt 0:01:15]} Qa5+ {[%emt 0:01:48]} 12. Bd2 {[%emt 0:00:21]} Qc7 {[%emt 0:04:04]} 13. O-O-O {[%emt 0:00:49]} O-O-O {[%emt 0:00:47]} 14. Ne4 {[%emt 0:00:38]} Ngf6 {[%emt 0:03:33]} 15. g3 {[%emt 0:00:23]} Nxe4 {[%emt 0:00:55]} 16. Qxe4 {[%emt 0:00:08]} Nf6 {[%emt 0:00:07]} 17. Qe2 {[%emt 0:00:13]} Bd6 {[%emt 0:01:30]} 18. c4 {[%emt 0:02:16]} c5 {[%emt 0:10:57]} 19. Bc3 {[%emt 0:00:23]} Qc6 {[%emt 0:21:33]} 20. Rh4 {[%emt 0:19:03]} Qa6 {[%emt 0:08:01]} 21. Kb1 {[%emt 0:11:59]} Nd5 {[%emt 0:01:06]} 22. Be1 {[%emt 0:00:16]} cxd4 {[%emt 0:25:21]} 23. Nxd4 {[%emt 0:06:24]} Nb4 {[%emt 0:00:56]} 24. a3 {[%emt 0:02:02]} Nc6 {[%emt 0:00:06]} 25. Nb5 {[%emt 0:07:14]} Be5 {[%emt 0:02:30]} 26. Rc1 {[%emt 0:00:47]} Bf6 {[%emt 0:01:47]} 27. Re4 {[%emt 0:09:38]} Nd4 {[%emt 0:04:05]} 28. Qe3 {[%emt 0:00:52]} Qb6 {[%emt 0:00:44]} 29. Bb4 {[%emt 0:09:14]} Nxb5 {[%emt 0:08:07]} 30. cxb5+ {[%emt 0:01:08]} Kb8 {[%emt 0:00:04]} 31. Bc5 {[%emt 0:03:27]} Qxb5 {[%emt 0:01:27]} 32. Bxa7+ {[%emt 0:00:22]} Ka8 {[%emt 0:00:03]} 33. Rb4 {[%emt 0:00:58]} Qa6 {[%emt 0:04:44]} 34. Bb6 {[%emt 0:01:14]} Rd6 {[%emt 0:00:23]} 35. Qb3 {[%emt 0:07:51]} Rd3 {[%emt 0:00:29]} 36. Qc2 {[%emt 0:00:10]} 1-0

[Event "NOR-chT Eliteserien 2018-19"]
[Site "Norway"]
[Date "2019.03.10"]
[Round "9.6"]
[White "Machlik, Monika"]
[Black "Frisvold, Ole Emil"]
[Result "1-0"]
[WhiteElo "2071"]
[BlackElo "2131"]
[Annotator "NA"]
[PlyCount "89"]
[EventDate "2018.11.02"]
[EventType "team-tourn"]
[EventCountry "NOR"]
[SourceTitle "playchess.com"]
[Source "ChessBase"]
[SourceQuality "1"]
[TimeControl "40/5400+30:1800+30"]

1. d4 {[%emt 0:00:00]} d5 {[%emt 0:00:00]} 2. c4 {[%emt 0:00:00]} c6 {[%emt 0:00:00]} 3. Nf3 {[%emt 0:00:00]} Nf6 {[%emt 0:00:00]} 4. e3 {[%emt 0:00:14]} Bf5 {[%emt 0:00:21]} 5. Nc3 {[%emt 0:00:33]} e6 {[%emt 0:00:29]} 6. Nh4 {[%emt 0:01:06]} Bg6 {[%emt 0:01:06]} 7. Be2 {[%emt 0:03:32]} Bd6 {[%emt 0:02:06]} 8. Qb3 {[%emt 0:04:18]} Qc7 {[%emt 0:04:06]} 9. Nxg6 {[%emt 0:05:46]} hxg6 {[%emt 0:02:24]} 10. h3 {[%emt 0:00:14]} Nbd7 {[%emt 0:04:06]} 11. Bd2 {[%emt 0:03:53]} a6 {[%emt 0:25:40]} 12. cxd5 {[%emt 0:07:39]} exd5 {[%emt 0:01:24]} 13. Rc1 {[%emt 0:01:35]} Rc8 {[%emt 0:11:59]} 14. Bf3 {[%emt 0:05:45]} Qb8 {[%emt 0:12:47]} 15. O-O {[%emt 0:06:15]} g5 {[%emt 0:04:01]} 16. Rfe1 {[%emt 0:07:15]} Kf8 {[%emt 0:05:16]} 17. e4 {[%emt 0:17:43]} g4 {[%emt 0:01:07]} 18. hxg4 {[%emt 0:01:59]} dxe4 {[%emt 0:01:07]} 19. Nxe4 {[%emt 0:01:58]} Nxe4 {[%emt 0:03:58]} 20. Bxe4 {[%emt 0:02:45]} Nf6 {[%emt 0:08:10]} 21. Bf5 {[%emt 0:07:03]} Rd8 {[%emt 0:00:38]} 22. g5 {[%emt 0:06:29]} Nd5 {[%emt 0:01:21]} 23. g3 {[%emt 0:01:06]} g6 {[%emt 0:01:57]} 24. Bg4 {[%emt 0:00:49]} Kg7 {[%emt 0:00:56]} 25. Kg2 {[%emt 0:00:50]} Qc7 {[%emt 0:01:35]} 26. Bf3 {[%emt 0:04:52]} Qc8 {[%emt 0:02:20]} 27. Rh1 {[%emt 0:00:58]} Be7 {[%emt 0:00:58]} 28. Rxh8 {[%emt 0:05:26]} Rxh8 {[%emt 0:00:41]} 29. Bxd5 {[%emt 0:00:42]} Qh3+ {[%emt 0:00:23]} 30. Kg1 {[%emt 0:00:12]} cxd5 {[%emt 0:02:07]} 31. Qxd5 {[%emt 0:00:24]} Qh2+ {[%emt 0:00:24]} 32. Kf1 {[%emt 0:00:02]} Qh3+ {[%emt 0:00:14]} 33. Kg1 {[%emt 0:01:05]} Qh2+ {[%emt 0:00:06]} 34. Kf1 {[%emt 0:00:04]} Qh3+ {[%emt 0:00:04]} 35. Qg2 {[%emt 0:01:54]} Qf5 {[%emt 0:00:20]} 36. Kg1 {[%emt 0:02:28]} Bxg5 {[%emt 0:00:53]} 37. Bxg5 {[%emt 0:00:29]} Qxg5 {[%emt 0:00:04]} 38. Rd1 {[%emt 0:00:43]} Qb5 {[%emt 0:01:03]} 39. d5 {[%emt 0:00:47]} Qxb2 {[%emt 0:01:24]} 40. d6 {[%emt 0:00:29]} Qc2 {[%emt 0:00:54]} 41. Qd5 {[%emt 0:04:25]} Qc6 {[%emt 0:09:30]} 42. Qe5+ {[%emt 0:04:09]} f6 {[%emt 0:00:52]} 43. Qe7+ {[%emt 0:01:29]} Kg8 {[%emt 0:00:32]} 44. Qd8+ {[%emt 0:00:25]} Kg7 {[%emt 0:00:08]} 45. Qxh8+ {[%emt 0:02:37]} 1-0